000 00252nam a2200097 a 4500
005 20200930080349.0
008 120412s1888 000 spa d
245 0 _aAbrégué de l' histoire d' Haiti.
260 _aPort-au-prince,
_c1888.
999 _c36917
_d36917
040 _aDO-SdBNP